Repensar la condición obrera (Registro nro. 310714)

Detalles MARC
000 -ENCABEZADO
Número de control [NR] 00691 a2200205 4500
005 - FECHA Y HORA DE LA ÚLTIMA TRANSACCIÓN
control field 20181212150253.0
008 - DE LONGITUD FIJA DE DATOS DE ELEMENTOS - INFORMACIÓN GENERAL
Elementos de longitud fija [NR] 181212s2015 ag ||||| |||| 00| 0 spa d
020 ## - NUMERO INTERNACIONAL NORMALIZADO PARA LIBROS [R]
Número Internacional Normalizado del libro [NR] 9789871983124
040 ## - FUENTE DE CATALOGACION [NR]
Agencia de catalogación original [NR] CO-BoUCM
Idioma de catalogación [NR] spa
Quien Cataloga Doris Forero
Quien Clasifica Doris Forero
041 ## - CODIGO DE IDIOMA [R]
Código de idioma para texto/pista de sonido o título separado [R] Español
100 ## - ASIENTO PRINCIPAL--NOMBRE PERSONAL [NR]
Nombre personal [NR] Beaud, Stéphane y Michel Pialoux
ID Autoridad 95006
245 ## - MENCION DE TITULO [NR]
Título [NR] Repensar la condición obrera
Mención de responsabilidad, etc. [NR] Stéphane Beaud y Michel Pialoux
260 ## - PUBLICACION, DISTRIBUCION, ETC. (PIE DE IMPRENTA) [R]
Nombre del editor, distribuidor, etc. [R] Antropofagia
300 ## - DESCRIPCION FISICA [R]
Extensión [R] 421 páginas
650 #7 - ASIENTO SECUNDARIO DE MATERIA - TERMINO TEMATICO [R]
9 (RLIN) 24795
Término temático o nombre geográfico como elemento de entrada [NR] Sociología del trabajo
650 #7 - ASIENTO SECUNDARIO DE MATERIA - TERMINO TEMATICO [R]
9 (RLIN) 23635
Término temático o nombre geográfico como elemento de entrada [NR] Resistencia
Subdivisión general [R] Competencia obrera
650 #0 - ASIENTO SECUNDARIO DE MATERIA - TERMINO TEMATICO [R]
9 (RLIN) 56098
Término temático o nombre geográfico como elemento de entrada [NR] Cambio (Sociología)
942 ## - ELEMENTOS DE ENTRADA AGREGADOS (KOHA)
Tipo de ítem principal el descrito en 300a Libro
Sistema de clasificación DEWEY
Tema principal Sociología
Edición 1
Clasificación 306.36
Parte restante de la signatura top. B373
Existencias
Fecha de último préstamo Total préstamos Signatura topográfica Código de barras Última vez visto Ejemplar Costo de reposición Price effective from Tipo de ítem Perdido Sistema de clasificación Dañado No prestable Tipo de ítem específico Suprimido Ubicación habitual Ubicación actual Localización Fecha de creación Proveedor Forma de adquisición Costo
30/01/2019 2 306.36 B373 100158879 09/12/2025 Ej.1 122470.00 03/12/2018 Libro   DEWEY     Libro   Claustro Claustro 2do piso 03/12/2018 15 Compra 122470.00